[Event "WSTCC-65 2020"]
[Site "Prague"]
[Date "2020.03.10"]
[Round "5.48"]
[White "Jorgensen, Brian Jorgen"]
[Black "Karnaukh, Anatolij"]
[Result "1-0"]
[WhiteElo "2217"]
[BlackElo "2087"]
[Annotator "ChessBase"]
[PlyCount "91"]
[EventDate "2020.03.06"]
[EventType "team-tourn"]
[EventCountry "CZE"]
[SourceTitle "playchess.com"]
[Source "ChessBase"]
[SourceQuality "1"]
[TimeControl "40/5400+30:1800+30"]

1. Nf3 {[%emt 0:00:00]} d5 2. g3 {[%emt 0:00:23]} c5 {[%emt 0:01:37]} 3. Bg2 {[%emt 0:00:11]} Nc6 {[%emt 0:00:05]} 4. d4 {[%emt 0:00:42]} cxd4 {[%emt 0:01:43]} 5. Nxd4 {[%emt 0:00:17]} e5 {[%emt 0:02:07]} 6. Nxc6 bxc6 7. c4 {[%emt 0:02:36]} Nf6 {[%emt 0:05:04]} 8. O-O {[%emt 0:03:36]} Be6 {[%emt 0:02:27]} 9. Nc3 {[%emt 0:01:04]} Qd7 {[%emt 0:03:59]} 10. Qa4 {[%emt 0:01:58]} Rc8 {[%emt 0:02:25]} 11. cxd5 {[%emt 0:04:54]} cxd5 {[%emt 0:00:25]} 12. Qxd7+ {[%emt 0:00:21]} Kxd7 {[%emt 0:01:29]} 13. Rd1 {[%emt 0:03:12]} Bc5 {[%emt 0:13:24]} 14. h3 {[%emt 0:36:42]} d4 {[%emt 0:10:36]} 15. Na4 {[%emt 0:01:52]} Bd6 {[%emt 0:08:00]} 16. e3 {[%emt 0:00:36]} Bf5 {[%emt 0:00:26]} 17. exd4 {[%emt 0:02:04]} Bc2 {[%emt 0:00:21]} 18. Rd2 {[%emt 0:00:43]} exd4 {[%emt 0:06:54]} 19. Rxd4 {[%emt 0:00:30]} Bxa4 {[%emt 0:01:57]} 20. Rxa4 {[%emt 0:00:13]} Rc7 {[%emt 0:01:03]} 21. Be3 {[%emt 0:00:38]} Rb8 {[%emt 0:01:18]} 22. b3 {[%emt 0:01:36]} Rb5 {[%emt 0:02:54]} 23. Rxa7 {[%emt 0:05:49]} Rxa7 {[%emt 0:00:28]} 24. Bxa7 {[%emt 0:00:09]} Nd5 {[%emt 0:02:28]} 25. Bxd5 {[%emt 0:01:58]} Rxd5 {[%emt 0:00:11]} 26. Be3 {[%emt 0:01:19]} Kc6 {[%emt 0:01:17]} 27. Rc1+ {[%emt 0:01:19]} Kb5 {[%emt 0:00:19]} 28. Kg2 {[%emt 0:00:50]} f5 {[%emt 0:01:01]} 29. Rc4 {[%emt 0:01:21]} Ba3 {[%emt 0:01:07]} 30. h4 {[%emt 0:04:51]} h5 {[%emt 0:00:20]} 31. Kf3 {[%emt 0:00:26]} Rd6 {[%emt 0:02:19]} 32. Kf4 {[%emt 0:06:14]} g6 {[%emt 0:00:18]} 33. Rc8 {[%emt 0:02:47]} Ra6 {[%emt 0:00:58]} 34. Kf3 {[%emt 0:02:33]} Bd6 {[%emt 0:00:50]} 35. Rc2 {[%emt 0:01:14]} Ba3 {[%emt 0:00:59]} 36. Bd4 {[%emt 0:02:39]} Bd6 {[%emt 0:01:04]} 37. Re2 {[%emt 0:00:50]} Bc7 {[%emt 0:01:27]} 38. Re7 {[%emt 0:02:29]} Rc6 {[%emt 0:00:47]} 39. a3 {[%emt 0:01:53]} f4 {[%emt 0:04:52]} 40. gxf4 {[%emt 0:00:43]} Rc1 {[%emt 0:00:15]} 41. Rg7 {[%emt 0:02:42]} Bd6 {[%emt 0:02:35]} 42. b4 {[%emt 0:00:36]} Rd1 {[%emt 0:00:48]} 43. Be3 {[%emt 0:00:43]} Rh1 {[%emt 0:01:39]} 44. Rxg6 {[%emt 0:00:29]} Be7 {[%emt 0:00:07]} 45. Re6 Bxh4 46. Re5+ 1-0

[Event "WSTCC-65 2020"]
[Site "Prague"]
[Date "2020.03.11"]
[Round "6.1"]
[White "Birnboim, Nathan"]
[Black "Knaak, Rainer"]
[Result "1-0"]
[WhiteElo "2369"]
[BlackElo "2478"]
[Annotator "TA"]
[PlyCount "93"]
[EventDate "2020.03.06"]
[EventType "team-tourn"]
[EventCountry "CZE"]
[SourceTitle "playchess.com"]
[Source "ChessBase"]
[SourceQuality "1"]

{[%evp 18,93,19,21,16,11,15,7,10,17,12,16,12,0,19,16,14,14,16,20,62,52,59,54,65,49,72,41,120,120,126,122,120,120,113,101,99,99,107,107,125,110,126,127,129,128,119,119,150,152,153,150,141,142,150,137,175,168,182,172,233,211,220,191,352,292,363,352,458,451,479,470,762,631,1619,1614,1286,1109]} 1. e4 e6 2. d4 d5 3. Nd2 c5 4. Ngf3 Nf6 5. exd5 exd5 6. Bb5+ Bd7 7. Bxd7+ Nbxd7 {[%cal Bb8d7,Bd7c5,Bc5e4][%mdl 32]} 8. O-O Be7 9. dxc5 Nxc5 10. Nd4 O-O {C08: French Tarrasch: 3...c5 4 exd5 exd5 sidelines.} 11. N2b3 Qd7 12. Qf3 Rfe8 {The position is equal.} 13. Rd1 Rac8 14. c3 Nce4 15. Nf5 Bd8 16. Be3 {[#]} Re5 $146 ({Predecessor:} 16... h6 17. Bd4 a5 18. Nd2 Ng5 19. Qd3 Nh5 20. Re1 Bc7 21. Be3 Ne6 22. g3 Nf6 {1-0 (37) Bauer,C (2618)-Gurevich,M (2694) France 2001}) 17. Ng3 Nxg3 18. hxg3 a6 19. Bd4 Rf5 20. Qd3 {Hoping for Nc5.} Rh5 21. Re1 Ne4 22. Qe2 Rh6 {[#] White leaves nothing to chance now.} ({Black should play} 22... g6 $1 $14) 23. Nc5 $1 $36 {[%cal Rc5d7][%mdl 2560] White is really pushing.} Qc6 (23... Rxc5 24. Bxc5) 24. Nxe4 dxe4 25. Qxe4 Bb6 26. Qxc6 Rhxc6 27. Rad1 Bxd4 28. Rxd4 {[%mdl 4096] Endgame KRR-KRR} ({Don't play} 28. cxd4 $6 Rc2 $11) 28... R6c7 29. f3 Kf8 30. Kf2 h5 31. Re5 g6 32. Ke3 Re8 33. Rxe8+ Kxe8 {KR-KR} 34. g4 hxg4 35. Rxg4 Ke7 36. Rd4 Rc6 37. Kd3 b5 38. a4 bxa4 (38... Rb6 $142) 39. Rxa4 $18 Ke6 40. Ra5 f5 $2 (40... Rb6 41. Kc2 Rc6) 41. c4 Kd6 42. Kd4 Ke6 43. b4 {[%cal Bb2b4,Bb4b5][%mdl 32] White is clearly winning.} g5 44. Re5+ Kf6 (44... Kd7 $142 45. Rxf5 Rg6 46. Rf7+ Kd8) 45. Re2 Rb6 46. Kc5 Rb8 47. b5 {Accuracy: White = 94%, Black = 59%.} 1-0

[Event "WSTCC-65 2020"]
[Site "Prague"]
[Date "2020.03.11"]
[Round "6.2"]
[White "Chevelevitch, Evgueni"]
[Black "Maryasin, Boris"]
[Result "0-1"]
[WhiteElo "2391"]
[BlackElo "2305"]
[Annotator "TA"]
[PlyCount "60"]
[EventDate "2020.03.06"]
[EventType "team-tourn"]
[EventCountry "CZE"]
[SourceTitle "playchess.com"]
[Source "ChessBase"]
[SourceQuality "1"]

{[%evp 18,60,45,14,26,14,35,18,37,21,16,10,11,18,37,-22,-23,-33,-19,-63,-44,-61,-47,-65,-46,-121,-123,-231,-203,-192,-52,-141,-37,-131,-118,-235,-234,-370,-360,-322,-343,-411,-416,-467,-451]} 1. e4 c5 2. Nf3 Nc6 3. d4 cxd4 4. Nxd4 Qb6 5. Nb3 Nf6 6. Nc3 e6 7. a3 Qc7 8. Be3 a6 9. f4 d6 10. Bd3 b5 {B33: Sicilian: Pelikan and Sveshnikov Variations.} 11. O-O Bb7 12. Qf3 g6 {The position is equal.} 13. Qh3 Bg7 14. f5 {[#]} exf5 $146 ({Predecessor:} 14... Qe7 15. Nd4 Nxd4 16. Bxd4 gxf5 17. exf5 e5 18. Rae1 O-O-O 19. Bb6 Rd7 20. b4 Rg8 {0-1 (40) Izso,D (2322)-Sax,G (2451) Hungary 2013}) 15. exf5 Ne5 16. Bh6 (16. Bg5 $14) 16... O-O 17. Bxg7 Kxg7 18. Rf4 (18. fxg6 Qb6+ 19. Kh1 hxg6 $17) 18... g5 (18... Nxd3 $6 19. Qxd3 Rae8 20. fxg6 $11) 19. Qg3 h6 20. Rd4 Rae8 21. h4 (21. Qf2 $15) 21... g4 $17 22. Be2 (22. a4 $17 {was worth a try.} Nxd3 23. Qxd3) 22... Kh7 $19 23. Rad1 {[#]} Rd8 (23... Bf3 $1 $19 {[%mdl 512] Threatens to win with ...Rg8.} 24. R1d2 (24. gxf3 $2 gxf3 25. Bxf3 Rg8 $19) (24. Rxd6 $2 Bxe2 25. R1d4 Nc4 $19 {[%mdl 64] Double Attack}) (24. Bxf3 gxf3) 24... Rg8) 24. Kh1 {[#]} (24. Nd2 $15) 24... Rfe8 (24... Rg8 $1 $17 25. Bf1 Nh5) 25. Bd3 ({White should try} 25. Nd2 $1 $15) 25... Nxd3 26. cxd3 {[#]} (26. Qxd3 $17 Re5 27. Rxd6 Rxd6 28. Qxd6 Qxd6 29. Rxd6) 26... Re5 $1 27. Re1 (27. Ne4 {was called for.} Bxe4 28. dxe4) 27... Rde8 28. Rxe5 Rxe5 ({Not} 28... dxe5 29. Rb4 $17) 29. Nd2 Qb6 30. Nb3 a5 {Accuracy: White = 38%, Black = 78%.} 0-1

[Event "WSTCC-65 2020"]
[Site "Prague"]
[Date "2020.03.11"]
[Round "6.3"]
[White "Shevelev, Arkady"]
[Black "Hort, Vlastimil"]
[Result "1/2-1/2"]
[WhiteElo "2278"]
[BlackElo "2397"]
[Annotator "TA"]
[PlyCount "135"]
[EventDate "2020.03.06"]
[EventType "team-tourn"]
[EventCountry "CZE"]
[SourceTitle "playchess.com"]
[Source "ChessBase"]
[SourceQuality "1"]

{[%evp 23,135,0,0,-24,5,-8,-16,-30,-19,-39,-20,-38,-29,-44,-26,-42,-27,-22,-28,-32,0,-9,-3,-2,-2,-53,-49,-56,-48,-58,-58,-68,-46,-65,-22,-39,-38,-33,-19,-21,-25,-80,-71,-61,-70,-71,-72,-70,-68,-81,-79,-85,-13,-89,-90,-85,-81,-97,-92,-92,-90,-92,-95,-102,-63,-63,-63,-63,0,-65,-72,-115,-73,-128,-81,-93,-63,-108,-63,-100,-44,-79,-44,-75,-44,-44,0,0,0,0,0,0,0,0,0,0,0,0,0,0,0,0,0,0,0,0,0,0,0,0,0,0,0,0]} 1. e4 c5 2. Nf3 e6 3. d4 cxd4 4. Nxd4 Nc6 5. Nc3 a6 6. g3 d6 7. Bg2 Bd7 8. O-O Nf6 9. Re1 Be7 10. Nxc6 Bxc6 11. b3 Qc7 12. Bb2 O-O 13. Qe2 {B80: Sicilian Scheveningen: 6 g3 and 6 Be3, including English Attack.} Rfe8 {[#]} 14. Rad1 $146 ({Predecessor:} 14. a4 Rac8 15. Rad1 b5 16. axb5 axb5 17. Nxb5 Bxb5 18. Qxb5 Qxc2 19. Bxf6 {½-½ (19) Barle,J (2440)-Sermek,D (2520) Maribor 1994}) 14... b5 15. a3 Rac8 16. Qd2 Bb7 17. Rc1 Red8 18. Qe2 Qb8 19. h3 h6 20. Nb1 Nd7 21. Nd2 Bf6 22. Bxf6 Nxf6 23. c4 bxc4 24. bxc4 (24. Nxc4 $11 d5 25. exd5 Bxd5 26. Qe3) 24... Nd7 $15 25. Rb1 {White wants to play e5.} Qc7 26. Rec1 Bc6 27. Nb3 Ba4 28. Nd4 Nc5 29. Qe3 Rb8 30. Rb4 Be8 31. Kh2 Kh7 32. e5 (32. Rcb1 $11) 32... dxe5 $17 33. Nc6 Bxc6 34. Qxc5 Rbc8 35. Bxc6 Qxc6 36. Qxe5 Rd3 37. c5 {[#]} Rxa3 ({Better is} 37... Rd5 $1 $17 {[%cal Rd5e5]} 38. Qe4+ f5) 38. Qe4+ (38. Qb2 $1 $11 {keeps the balance.} Ra5 39. Rb6 (39. Rg4 g6 $11)) 38... Qxe4 39. Rxe4 {[%mdl 4096] Endgame KRR-KRR} Rc6 40. Kg2 g5 41. h4 Kg6 42. hxg5 hxg5 43. Rd4 Kf6 44. g4 Ke7 45. Rb4 Kf6 46. Rd4 $1 Ra5 47. Rdc4 Ke5 48. R4c2 (48. R4c3 $142) 48... Ra4 49. Kg3 Kd5 50. f3 Rd4 51. Kf2 e5 ({Black should play} 51... a5 $17 52. Rc3 f6) 52. Rc3 f6 53. Ke2 Ke6 54. Ra1 f5 55. gxf5+ {The position is equal.} Kxf5 56. Ke3 Rh4 57. Ra5 Rh3 58. Rc4 Rh2 59. Rb4 Rhh6 60. Rb8 Rh3 61. Rb4 Ke6 62. Rg4 Kf6 63. Ke4 Re6 64. Ra2 Rh1 65. Rag2 Re1+ 66. Kd3 Rd1+ 67. Ke2 Rc1 68. Rxg5 {Accuracy: White = 83%, Black = 74%.} 1/2-1/2

[Event "WSTCC-65 2020"]
[Site "Prague"]
[Date "2020.03.11"]
[Round "6.4"]
[White "Buchal, Stephan"]
[Black "Lederman, Leon"]
[Result "0-1"]
[WhiteElo "2276"]
[BlackElo "2234"]
[Annotator "TA"]
[PlyCount "70"]
[EventDate "2020.03.06"]
[EventType "team-tourn"]
[EventCountry "CZE"]
[SourceTitle "playchess.com"]
[Source "ChessBase"]
[SourceQuality "1"]

{[%evp 15,70,3,14,-6,0,-28,-15,-53,7,0,0,-19,0,0,4,0,28,-12,-7,-7,0,-14,0,-28,-23,-58,-34,-70,-45,-153,-141,-137,-142,-133,-138,-113,-109,-210,-188,-210,-193,-222,-242,-365,-359,-336,-321,-316,-327,-460,-454,-437,-426,-414,-433,-671,-656]} 1. c4 c6 2. Nf3 d5 3. g3 Nf6 4. Bg2 Bf5 5. O-O e6 6. cxd5 exd5 7. d3 Be7 8. Nc3 O-O 9. Qb3 {A11: English Opening: 1...c6.} Nbd7 10. Nd4 Nc5 11. Qc2 {[#] The position is equal.} Bc8 $146 (11... Bg6 $15) ({Predecessor:} 11... Bg6 12. h3 Ne6 13. Be3 Qd7 14. Na4 Bd6 15. Rac1 Rfe8 16. Rfe1 h5 17. Nxe6 fxe6 {½-½ (24) Van Foreest,J (2448)-Ernst,S (2567) Maastricht 2014}) 12. Rb1 a5 13. b3 Re8 14. Bb2 h5 15. e4 h4 16. Rbe1 dxe4 17. Nxe4 Nfxe4 18. dxe4 a4 {[%cal Ba5a4,Ba4a3][%mdl 32]} 19. Qc3 {And now Nxc6! would win.} (19. b4 {feels hotter.} h3 20. bxc5 hxg2 21. Kxg2 Ra5 22. Nf5) 19... Bf8 20. b4 a3 21. Ba1 Na6 22. Rb1 (22. b5 $15 cxb5 23. Nxb5) 22... Nxb4 {[%mdl 64] [#] Decoy} 23. Rxb4 {aiming for Rbb1.} c5 24. Rc4 {Strongly threatening Nf5.} cxd4 25. Rxd4 Qa5 26. Qd3 (26. e5 $17) 26... Be6 $19 27. Bc3 Qa6 28. Qb1 Rad8 29. Rfd1 {[#]} ({Of course not} 29. gxh4 Rxd4 30. Bxd4 Qc4) (29. Rc1 $142 Rxd4 30. Bxd4) 29... Rxd4 $1 30. Rxd4 Qe2 31. Rd2 Qc4 32. Ba5 (32. Be5 $142 Qb4 33. Qxb4 Bxb4 34. Rc2) 32... Rc8 33. Bf1 Qc1 34. Qxc1 Rxc1 35. Kg2 (35. Re2 $142 Bc5 36. e5) 35... h3+ {Accuracy: White = 39%, Black = 95%.} 0-1

[Event "WSTCC-65 2020"]
[Site "Prague"]
[Date "2020.03.11"]
[Round "6.5"]
[White "Balashov, Yuri S"]
[Black "Boidman, Yuri"]
[Result "1-0"]
[WhiteElo "2465"]
[BlackElo "2335"]
[Annotator "TA"]
[PlyCount "105"]
[EventDate "2020.03.06"]
[EventType "team-tourn"]
[EventCountry "CZE"]
[SourceTitle "playchess.com"]
[Source "ChessBase"]
[SourceQuality "1"]

{[%evp 18,105,52,35,30,30,30,30,25,29,13,13,42,41,34,0,20,7,49,45,149,85,97,45,75,16,36,25,148,163,156,154,226,211,243,230,241,136,130,119,136,131,109,114,229,211,227,69,72,0,35,28,32,21,45,20,40,40,315,287,306,0,0,0,0,0,0,0,189,197,854,815,1915,425,832,832,832,832,832,832,825,825,825,742,718,712,2093,2276,879,818]} 1. e4 c5 2. Nf3 Nc6 3. d4 cxd4 4. Nxd4 Nf6 5. Nc3 d6 6. Bg5 e6 7. Qd2 a6 8. O-O-O Bd7 9. f3 Be7 10. h4 {The main line 10.h4 scores better than 10.Be3.} h6 {B67: Sicilian: Richter-Rauzer: 7...a6 8 0-0-0 Bd7, lines without 9 f4 Be7.} 11. Be3 h5 12. Bg5 b5 {White has an edge.} 13. Nxc6 Bxc6 14. Ne2 {[#]} Qb8 $146 ({Predecessor:} 14... Qb6 15. Nd4 Bd7 16. Qe3 b4 17. Kb1 Qc5 18. Be2 O-O 19. Nb3 Qxe3 20. Bxe3 a5 {½-½ (43) Ganguly,S (2636)-Tabatabaei,M (2590) Moscow 2019}) 15. Nd4 Bd7 16. Bd3 Qb6 17. Be3 Qb8 18. Kb1 O-O (18... Qc7 $14) 19. Bg5 (19. g4 $142) 19... Qb6 20. Qe3 (20. Ne2 $16) 20... Rfb8 21. e5 (21. g4 $16) 21... dxe5 $11 22. Qxe5 Qc5 (22... Rd8 $11) 23. Bxf6 $1 $16 gxf6 24. Qg3+ $40 {[%mdl 128] White is out for blood.} Kf8 (24... Kh8 $16) 25. Be4 e5 26. Nb3 ({Resist} 26. Bxa8 $6 Rxa8 27. Nb3 Qc7 $16) 26... Qc7 27. Bxa8 (27. Bh7 $18 {[%csl Gh7][%cal Rg3g8]} Ke8 28. Qg8+ Bf8 29. Be4) 27... Rxa8 28. Qf2 a5 29. Nd2 f5 30. f4 {And now Nf3 would win.} Bf6 (30... Be6 $16) 31. Nf3 $18 e4 32. Ne5 $2 (32. Ng5 $1 $18) 32... Be6 $14 33. g3 (33. Qe2 $16) 33... a4 34. Qd4 {aiming for Nd7+.} Kg7 35. Qd6 Qa7 36. a3 Rc8 37. Nc6 Rxc6 $4 {[%mdl 8192]} ({Better is} 37... Qb6 $14 38. Nb4 Qxd6 39. Rxd6 Be7) 38. Qxc6 $18 b4 39. Rd6 $2 (39. axb4 $18 {Threatens to win with Qc5.} a3 40. Rd6) 39... bxa3 $11 {...a2+ is the strong threat.} 40. Rxe6 fxe6 {[%mdl 4096] Endgame KQR-KQB} 41. Rd1 {Hoping for Rd7+.} Qb8 {[%csl Ga3,Gf6][%cal Rb8b2]} 42. Rd7+ Kg6 $2 (42... Kh6 $1 $11 {and Black stays safe.} 43. Rb7 Qg8) 43. Rb7 $18 Qf8 $2 (43... Qg8) 44. Qxe6 {White is clearly winning.} axb2 45. Rb5 (45. g4 $142 hxg4 {[#]} 46. h5+ $1 {[%mdl 576] Deflection} Kxh5 47. Rf7 $1 {[%mdl 576] Double Attack}) 45... Qe7 (45... Kg7 $142 46. Qxf5 Qf7) 46. Qxf5+ {[%mdl 64] Double Attack} Kg7 47. Rd5 Qa3 48. Rd7+ Be7 49. Qe5+ {[%mdl 64] Double Attack} Kg8 50. Qxb2 Qc5 51. Qd4 e3 52. Qxc5 ({Not} 52. Qxa4 $2 e2 $19) 52... Bxc5 53. Rd5 {[%mdl 64] Double Attack. Accuracy: White = 69%, Black = 48%.} 1-0

[Event "WSTCC-65 2020"]
[Site "Prague"]
[Date "2020.03.11"]
[Round "6.6"]
[White "Khanukov, Boris"]
[Black "Sveshnikov, Evgeny"]
[Result "0-1"]
[WhiteElo "2293"]
[BlackElo "2470"]
[Annotator "TA"]
[PlyCount "110"]
[EventDate "2020.03.06"]
[EventType "team-tourn"]
[EventCountry "CZE"]
[SourceTitle "playchess.com"]
[Source "ChessBase"]
[SourceQuality "1"]

{[%evp 11,110,0,0,0,0,0,7,-18,-6,-8,-8,-17,-1,-3,-2,-4,-4,-7,0,-9,11,-6,22,14,14,-7,0,-13,-18,-33,-26,-40,0,0,0,0,0,-17,-8,-8,-5,-6,0,0,0,-13,-15,-81,0,0,0,0,39,39,43,0,25,25,32,0,0,0,0,0,0,0,0,-462,-619,-577,-516,-695,-676,-549,-536,-756,-735,-2450,-2460,-2378,-2416,-1931,-2086,-1770,-1801,-1671,-1476,-905,-878,-29989,-29990,-29990,-29990,-29991,-29991,-29991,-29992,-29992,-29993,-29993,-29994]} 1. Nf3 d5 2. d4 Nf6 3. c4 e6 4. Nc3 c6 5. cxd5 exd5 6. Bg5 h6 7. Bf4 {D35: Queen's Gambit Declined: Exchange Variation.} Bf5 8. e3 Bd6 9. Bg3 {[#] The position is equal.} O-O $146 ({Predecessor:} 9... Bxg3 10. hxg3 Nbd7 11. Bd3 Bxd3 12. Qxd3 O-O 13. O-O Qe7 14. Nd2 Rfe8 15. Rac1 c5 16. dxc5 Nxc5 {1-0 (54) Grahesh,Y (1897)-Saurabh,A (2144) Kolkata 2016}) 10. Bd3 Bxd3 11. Qxd3 (11. Bxd6 {keeps more tension.} Qxd6 12. Qxd3 Nbd7 13. Qc2 Rfe8 14. O-O) 11... Re8 12. Bxd6 Qxd6 13. O-O Nbd7 14. Qc2 Re6 15. b4 Rae8 16. a3 Nh7 17. Ne2 Ng5 18. Nxg5 (18. Nd2 {looks sharper.} Rc8 19. a4 Nf6 20. Nf4 Ree8 21. Rfb1) 18... hxg5 19. Qf5 Qe7 20. Ng3 g6 21. Qd3 b5 22. a4 a6 23. axb5 axb5 24. Qc3 Nb6 25. Qc5 Qb7 26. Ra5 Na4 27. Qa7 Qc8 28. Rc1 Kg7 29. Rxb5 {[#]} (29. h3 $11) 29... cxb5 ({Black should play} 29... R6e7 $1 $17 {[%cal Re7a7]} 30. Qxa4 (30. Qa5 Qd7 $15) 30... cxb5) 30. Rxc8 $11 Rxc8 31. h3 Rc1+ 32. Kh2 Rc2 $1 33. Nh1 Nc3 34. Qc7 g4 $1 35. hxg4 Re8 $36 {[%mdl 2048] aiming for ...Rh8+. Black is pushing.} 36. Ng3 Rh8+ 37. Nh5+ $1 gxh5 38. Qe5+ f6 39. Qe7+ $2 {[%mdl 8192] Black keeps a firm grip on the game.} (39. Qc7+ $11 {and White has nothing to worry.} Kg6 {[#]} 40. g5 $1 {[%mdl 512]}) 39... Kg6 $19 40. g5 Rxf2 41. gxf6 Rxf6 42. Qc5 Ne4 43. Qxd5 Ng5 44. e4 h4 45. e5 Rf2 46. Kg1 Re2 47. Qc6+ Kh5 48. Qxb5 Re1+ 49. Kf2 Re4 50. Qd7 Rf8+ {Black mates.} 51. Kg1 Re1+ 52. Kh2 Rff1 {[%csl Ge1][%cal Rf1h1]} 53. Qe8+ Kg4 {[%csl Ge1][%cal Rf1h1]} 54. Qc8+ Kf4 {[%csl Ge1][%cal Rf1h1]} 55. Qf8+ {[#]} Ke3 $1 {Accuracy: White = 70%, Black = 88%.} 0-1

[Event "WSTCC-65 2020"]
[Site "Prague"]
[Date "2020.03.11"]
[Round "6.7"]
[White "Kalegin, Evgenij"]
[Black "Salov, Sergej"]
[Result "1/2-1/2"]
[WhiteElo "2431"]
[BlackElo "2135"]
[Annotator "TA"]
[PlyCount "102"]
[EventDate "2020.03.06"]
[EventType "team-tourn"]
[EventCountry "CZE"]
[SourceTitle "playchess.com"]
[Source "ChessBase"]
[SourceQuality "1"]

{[%evp 15,102,11,28,21,25,25,46,54,54,48,46,49,51,35,52,35,44,3,12,12,35,33,37,36,35,39,50,32,32,32,32,37,33,32,37,33,94,8,11,9,8,0,0,0,0,0,0,0,0,0,5,8,22,15,16,0,0,0,21,8,14,0,0,0,0,-8,0,0,0,0,0,0,7,6,8,7,4,4,15,29,21,0,0,0,0,0,0,0,0]} 1. e4 c5 2. Nf3 e6 3. g3 d5 4. exd5 exd5 5. d4 Nf6 6. Bg2 Be7 7. O-O O-O 8. Nc3 h6 9. Be3 {B23: Closed Sicilian: Lines without g3.} cxd4 10. Nxd4 Bg4 11. Qd3 {White is slightly better.} Qd7 12. Qb5 {[%cal Rc3d5]} Rd8 13. Qxd7 Rxd7 {[#]} 14. h3 $146 ({Predecessor:} 14. f3 Be6 15. Nxe6 fxe6 16. Bh3 Kf7 17. Bf2 Bb4 18. Nb5 Nc6 19. c3 a6 20. Rfe1 {½-½ (49) Arkhipov,S (2520)-Tregubov,P (2475) Sochi 1993}) 14... Bh5 15. Nf5 Nc6 16. Nxe7+ (16. g4 $5 {[%cal Rg4h5]} Bg6 17. Nxe7+ Rxe7 18. Rfd1 $14 (18. Nxd5 Nxd5 19. Bxd5 Bxc2 $11)) 16... Nxe7 17. Bd4 Ne8 18. g4 Bg6 19. Rac1 Nc6 20. Rfd1 $36 {[%mdl 2048] White has the initiative.} Nc7 21. f4 Ne6 22. Be3 d4 {[%mdl 64] [#] Double Attack} 23. f5 Rad8 $1 24. fxg6 dxe3 25. gxf7+ Kxf7 (25... Kf8 $1 $14) 26. Rf1+ (26. Rxd7+ $16 Rxd7 27. Rf1+ Kg8 28. Nd5) 26... Kg8 $11 27. Rce1 Ned4 28. Bxc6 (28. Rxe3 {is interesting.} Nxc2 29. Re6 N2b4 30. g5 hxg5 31. Rg6) 28... bxc6 29. Rxe3 Nxc2 30. Re2 Nd4 31. Ref2 (31. Re5 {is more complex.} Nc2 32. Re4 a5 33. Re2 Nb4 34. Rf5) 31... Re7 32. Kg2 a5 33. Rd1 Red7 34. Rfd2 Rd6 35. Ne4 Rd5 36. Rc1 Kf7 37. Rf2+ Ke7 38. Nc5 {[#] Strongly threatening Re1+.} Re5 $1 39. Nd3 Re3 40. Nf4 g5 41. Nh5 Kd6 42. Ng3 Kc7 43. Nf5 Nxf5 (43... Re6 {keeps more tension.} 44. Rc5 Kb6 45. Rc3 Nxf5 46. gxf5 Rf6) 44. gxf5 {[%mdl 4096] Endgame KRR-KRR} Rf8 45. f6 Rf7 46. Rc5 Re6 47. Rcf5 a4 48. Kg3 {Threatens to win with Kg4.The position is equal.} Re4 49. Ra5 {Black must now prevent Ra7+.} Kb6 50. Raf5 Rd4 51. Kf3 Kc7 {Accuracy: White = 92%, Black = 96%.} 1/2-1/2

[Event "WSTCC-65 2020"]
[Site "Prague"]
[Date "2020.03.11"]
[Round "6.8"]
[White "Gruzmann, Boris"]
[Black "Zhelnin, Vladimir V"]
[Result "1/2-1/2"]
[WhiteElo "2206"]
[BlackElo "2404"]
[Annotator "RC"]
[PlyCount "81"]
[EventDate "2020.03.06"]
[EventType "team-tourn"]
[EventCountry "CZE"]
[SourceTitle "playchess.com"]
[Source "ChessBase"]
[SourceQuality "1"]
[TimeControl "40/5400+30:1800+30"]

1. e4 {[%emt 0:00:00]} g6 {[%emt 0:00:00]} 2. d4 {[%emt 0:00:00]} Bg7 {[%emt 0:00:00]} 3. Nc3 {[%emt 0:00:06]} d5 {[%emt 0:00:48]} 4. Nge2 {[%emt 0:02:11]} dxe4 {[%emt 0:03:59]} 5. Nxe4 {[%emt 0:00:26]} Nd7 {[%emt 0:02:13]} 6. N2c3 {[%emt 0:09:51]} Ndf6 {[%emt 0:06:59]} 7. Nxf6+ {[%emt 0:04:14]} Nxf6 {[%emt 0:01:00]} 8. Be2 {[%emt 0:00:19]} c6 {[%emt 0:05:10]} 9. O-O {[%emt 0:03:39]} O-O {[%emt 0:00:06]} 10. Be3 {[%emt 0:01:23]} Bf5 {[%emt 0:04:14]} 11. h3 {[%emt 0:05:43]} Qd7 {[%emt 0:11:35]} 12. Qd2 {[%emt 0:00:54]} Rad8 {[%emt 0:00:35]} 13. Rfd1 {[%emt 0:01:03]} Rfe8 {[%emt 0:01:49]} 14. Bf3 {[%emt 0:08:40]} Qc7 {[%emt 0:05:29]} 15. Qe2 {[%emt 0:02:08]} h5 {[%emt 0:07:17]} 16. Rd2 {[%emt 0:06:35]} Rd7 {[%emt 0:10:51]} 17. g4 {[%emt 0:08:40]} hxg4 {[%emt 0:00:32]} 18. hxg4 {[%emt 0:00:11]} Be6 {[%emt 0:00:08]} 19. g5 {[%emt 0:00:32]} Nd5 {[%emt 0:00:15]} 20. Nxd5 {[%emt 0:01:30]} Bxd5 {[%emt 0:07:34]} 21. c4 {[%emt 0:04:29]} Bxf3 {[%emt 0:00:36]} 22. Qxf3 {[%emt 0:00:10]} Red8 {[%emt 0:07:03]} 23. Rad1 {[%emt 0:03:26]} Qa5 {[%emt 0:01:47]} 24. b3 {[%emt 0:01:00]} e6 {[%emt 0:06:30]} 25. Qe4 {[%emt 0:03:59]} a6 {[%emt 0:04:12]} 26. Kg2 {[%emt 0:04:38]} Qf5 {[%emt 0:00:56]} 27. Qxf5 {[%emt 0:00:55]} gxf5 {[%emt 0:00:04]} 28. f4 {[%emt 0:10:58]} Kh7 {[%emt 0:02:09]} 29. d5 {[%emt 0:01:12]} cxd5 {[%emt 0:00:30]} 30. Bb6 {[%emt 0:00:08]} Rc8 {[%emt 0:02:38]} 31. cxd5 {[%emt 0:00:12]} exd5 {[%emt 0:04:09]} 32. Rxd5 {[%emt 0:09:19]} Rc2+ {[%emt 0:00:16]} 33. Kf3 {[%emt 0:00:20]} Rxd5 {[%emt 0:00:19]} 34. Rxd5 {[%emt 0:00:10]} Rxa2 {[%emt 0:00:09]} 35. Bc5 {[%emt 0:02:28]} Rc2 {[%emt 0:02:17]} 36. b4 {[%emt 0:00:24]} Kg6 {[%emt 0:00:44]} 37. Rd7 {[%emt 0:00:58]} a5 {[%emt 0:00:59]} 38. Rxb7 {[%emt 0:01:25]} axb4 {[%emt 0:00:14]} 39. Bxb4 {[%emt 0:00:40]} Rb2 {[%emt 0:00:43]} 40. Rb6+ {[%emt 0:00:00]} Kh5 {[%emt 0:00:00]} 41. Bc5 {[%emt 0:00:50]} 1/2-1/2